Đặc điểm lịch sử văn học Việt Nam
Sự gắn bó với lịch sử, sự giao lưu văn hoá với các nền văn học khác, nội dung tư tưởng, ngôn ngữ văn tự, chất liệu sáng tác, tính xã hội của văn học Việt nam; Văn học Việt nam với hai nhiệm vụ dựng nước, giữ nước. Vị trí của văn học Việt nam trong khu vực...
Shranjeno v:
| Glavni avtor: | |
|---|---|
| Format: | Knjiga |
| Jezik: | Vietnamese |
| Izdano: |
H.
Nxb Đại học và Trung học chuyên nghiệp
1987
|
| Teme: | |
| Oznake: |
Označite
Brez oznak, prvi označite!
|
| Thư viện lưu trữ: | Mạng thư viện Đại học Đà Nẵng |
|---|
| LEADER | 01385nam a2200325 4500 | ||
|---|---|---|---|
| 001 | 000004014 | ||
| 003 | 142 | ||
| 005 | 20121211001237.0 | ||
| 008 | 110714s1987 viesd | ||
| 020 | |c 16000đ | ||
| 041 | 0 | |a vie | |
| 082 | |a 895.922 |b LE-V | ||
| 100 | 0 | |a Lê Trí Viễn | |
| 245 | 0 | |a Đặc điểm lịch sử văn học Việt Nam |c Lê Trí Viễn | |
| 260 | |a H. |b Nxb Đại học và Trung học chuyên nghiệp |c 1987 | ||
| 300 | |a 288tr |c 19cm | ||
| 520 | |a Sự gắn bó với lịch sử, sự giao lưu văn hoá với các nền văn học khác, nội dung tư tưởng, ngôn ngữ văn tự, chất liệu sáng tác, tính xã hội của văn học Việt nam; Văn học Việt nam với hai nhiệm vụ dựng nước, giữ nước. Vị trí của văn học Việt nam trong khu vực | ||
| 653 | |a Lịch sử văn học | ||
| 653 | |a Việt Nam | ||
| 910 | |a ĐTCƯỜNG |d 14/07/2011 | ||
| OWN | |a LSP | ||
| AVA | |a UDN50 |b LSP |d 895.922 LE-V |e available |t Error 5001 Not defined in file expand_doc_bib_avail. |f 4 |g 3 |h N |i 0 |k 1 | ||
| 999 | |a From the UDN01 | ||
| AVA | |a UDN50 |b LSP |d 895.922 LE-V |e available |t Error 5001 Not defined in file expand_doc_bib_avail. |f 4 |g 3 |h N |i 0 |k 1 | ||
| TYP | |a Monograph | ||
| TYP | |a Printed language | ||
| 980 | |a Mạng thư viện Đại học Đà Nẵng | ||